| 000 | 00740nam a2200205 a 4500 | ||
|---|---|---|---|
| 008 | 120416s1998 ||||||||||||||||| || u | ||
| 020 | _a075067007x | ||
| 050 | _aHD 58.7 Chi | ||
| 100 | _aCryer, Bruce | ||
| 245 | 1 | 0 | _aFrom chaos to coherence |
| 246 | _aadvancing emotional and organizational intelligence through inner quality management | ||
| 260 |
_aBoston _bButterworth-Heinemann _c1998 |
||
| 300 | _axxii, 217 p. : ill. | ||
| 350 | _a0.00 | ||
| 650 | 3 | _aPSYCHOLOGY | |
| 650 | 0 | _aPSYCHOLOGY--INDUSTRIAL | |
| 650 | _aORGANIZATIONAL BEHAVIOUR | ||
| 700 | _aChildre, Doc | ||
| 995 |
_D0.00 _FCBU-MAIN LIBRARY (Kitwe) _H1 _I18.95 _M1 _UAVAILABLE _ZMain Library Open Access Collection |
||
| 999 |
_c44006 _d44006 |
||